Statistics for Countries which are situated in 10 longest rivers drainage basins

Click here to take the quiz!

General Stats

  • This quiz has been taken 52 times
    (45 since last reset)
  • The average score is 27 of 32

Answer Stats

Answer% Correct
China
97%
Egypt
97%
USA
97%
Brazil
94%
Peru
94%
Russia
94%
Sudan
94%
Argentina
91%
Ethiopia
91%
Paraguay
91%
Rwanda
91%
Tanzania
91%
Uganda
91%
Venezuela
91%
Burundi
89%
Canada
89%
Colombia
89%
Uruguay
89%
Bolivia
86%
Kenya
86%
South Sudan
86%
Ecuador
83%
Eritrea
80%
Mongolia
80%
Guyana
77%
Kazakhstan
77%
Zambia
77%
Angola
66%
Cameroon
51%
Central African Republic
51%
Republic of the Congo
46%
Democratic Republic of the Congo
43%

Score Distribution

Percentile by Number Answered

Percent of People with Each Score

Your Score History

You have not taken this quiz since the last reset